000
00296nam a22001217a 4500
020
_a
9788170357162
082
_a
630
_b
CHA/OB
245
_a
Objective agriculture science
260
_a
New Delhi
_b
Daya Publishing House
_c
2014
700
_a
Chavan, U.D
_9
95
700
_a
Patil, J.V
_9
96
942
_c
BK
999
_c
14102
_d
14102